NATIONALISM, TERRORISM, COMMUNALISM (Record no. 28718)

MARC details
000 -LEADER
fixed length control field 00332nam a22001457a 4500
003 - CONTROL NUMBER IDENTIFIER
control field SGT
020 ## - INTERNATIONAL STANDARD BOOK NUMBER
International Standard Book Number 9780195653021
082 ## - DEWEY DECIMAL CLASSIFICATION NUMBER
Classification number 320
Item number N98H
100 ## - MAIN ENTRY--PERSONAL NAME
Personal name HEEHS, PETER
245 ## - TITLE STATEMENT
Title NATIONALISM, TERRORISM, COMMUNALISM
260 ## - PUBLICATION, DISTRIBUTION, ETC. (IMPRINT)
Name of publisher, distributor, etc OXFORD UNIVERSITY PRESS
Year of Publication 1998
300 ## - PAGE DESCRIPTION
No. of Pages 174
650 ## - SUBJECT ADDED ENTRY--TOPICAL TERM
Topical term or geographic name as entry element POLITICAL SCIENCE
942 ## - ADDED ENTRY ELEMENTS (KOHA)
Source of classification or shelving scheme Dewey Decimal Classification
Koha item type Books
Holdings
Withdrawn status Lost status Source of classification or shelving scheme Damaged status Not for loan Home library Current library Shelving location Date acquired Cost, normal purchase price SGTU Total Checkouts Full call number Accession No. (Barcode) Date last seen Bill Date Koha item type
    Dewey Decimal Classification   Not For Loan SGT Chancellor's Library SGT Chancellor's Library Reference Book 08/01/2025 195.00 SGTU   320 N98H CH1558 08/01/2025 08/01/2025 Books